| 000 | 01470nam a2200385 a 4500 | ||
|---|---|---|---|
| 001 | sjds1132768 | ||
| 003 | sjds | ||
| 005 | 20181031190031.0 | ||
| 008 | 040413t20002000nyua j 000 0 spa d | ||
| 010 | _a 99075613 | ||
| 020 | _a0439147182 (Permabound) | ||
| 035 | _a175165 | ||
| 035 | _a(OCoLC)43314216 | ||
| 035 | _a175165 | ||
| 040 |
_dUtOrBLW _csjds |
||
| 041 | 1 |
_aspa _heng |
|
| 100 | 0 |
_aJohn Paul _bII, _cPope, _d1920-2005, _eauthor. |
|
| 240 | 1 | 0 |
_aFor the children. _lSpanish |
| 245 | 1 | 0 |
_aPara los ninos : _bpalabras de amor e inspiracion de Su Santidad el Papa Juan Pablo II. |
| 250 | _aFirst edition. | ||
| 260 |
_aNew York : _bScholastic Press/Callaway Editions, _cc2000 |
||
| 264 | 1 |
_aNew York : _bScholastic Press/Callaway Editions, _c[2000] |
|
| 264 | 4 | _cc2000 | |
| 300 |
_a32 pages : _billustrations (some color) ; _c24 cm |
||
| 336 |
_atext _btxt _2rdacontent |
||
| 337 |
_aunmediated _bn _2rdamedia |
||
| 338 |
_avolume _bnc _2rdacarrier |
||
| 520 | _aA collection of addresses by His Holiness John Paul II, in which he provides words of inspiration particular to young people to guide them in making life choices. | ||
| 526 | 0 |
_aAccelerated Reader _bMG _c4.8 _d0.5 _z39739SP |
|
| 650 | 0 |
_aChristian children _xReligious life _vJuvenile literature. |
|
| 650 | 0 |
_aChristian life _xCatholic authors _vJuvenile literature. |
|
| 650 | 0 |
_aChristian life _vJuvenile literature. |
|
| 650 | 0 |
_aConduct of life _vJuvenile literature. |
|
| 942 | _cBK | ||
| 999 |
_c21493 _d21493 |
||